00561nam a2200181Ia 450000500170000000800410001702000130005808200130007124500810008426000360016530000190020165000100022065000130023070000200024394200060026395200950026999900150036420240510033929.0240331s9999 xx 000 0 und d a02567520 bBEYa332 0aBeyond the financial crisis :bpeople's responses and alternatives in action aHong KongbAsian Exchangec1999 aviii, 200 p ., aWomen aEconomic aButalia, Ueedt cL 001040708LaWERCLbWERCLcSSCd2024-03-31l0o 332 BEYp4259r2024-03-31w2024-03-31yL c2674d2674